000 00762nam a2200193 i 4500
001 164446
003 ES-MaACL
005 20251221063016.0
008 050823s1876 sp a | |||||||| ||spa d
040 _aCAM
_bspa
_cCAM
100 1 _aSalgari, Emilio,
_d1862-1911
_9242636
245 1 3 _aEl estrecho de Torres
_b: segunda parte de Los solitarios del océano /
_cEmilio Salgari.
260 _aMadrid :
_bSaturnino Calleja Fernández,
_c1876 (
_fImprenta de Jaime Retés)
300 _a279 p. :
_bil. ;
_c18 cm.
490 1 _aBiblioteca Calleja. Obras literarias de autores célebres ;
_v59
830 0 _aBiblioteca Calleja. Obras literarias de autores célebres ;
_v59
_9188462
852 _aES-MaACL
_jD-2452
_z-- Enc. hol.
999 _c164446
_d164446